AH International Schools' Libraries

Ratty's big adventure / (Record no. 49564)

MARC details
000 -LEADER
fixed length control field 00305nam a2200109 4500
020 ## - INTERNATIONAL STANDARD BOOK NUMBER
International Standard Book Number 9781536226706
100 ## - MAIN ENTRY--PERSONAL NAME
Personal name Hawthorne, Lara
9 (RLIN) 86694
245 ## - TITLE STATEMENT
Title Ratty's big adventure /
Statement of responsibility, etc Lara Hawthorne
260 ## - PUBLICATION, DISTRIBUTION, ETC. (IMPRINT)
Place of publication, distribution, etc Massachusetts
Name of publisher, distributor, etc Big Picture Press
Date of publication, distribution, etc 2022
300 ## - PHYSICAL DESCRIPTION
Extent unpaged.
Other physical details col. ill.
Dimensions 29 cm.
942 ## - ADDED ENTRY ELEMENTS (KOHA)
Source of classification or shelving scheme
Koha item type Book
Holdings
Withdrawn status Lost status Source of classification or shelving scheme Damaged status Not for loan Collection code Home library Current library Date acquired Total Checkouts Full call number Barcode Checked out Date last seen Date checked out Price effective from Koha item type
          Primary Asian Hope Primary Library Asian Hope Primary Library 09/11/2025 3 E HAW 208157 03/19/2026 03/12/2026 03/12/2026 09/11/2025 Book

For any Logos Library related questions please contact Miss Art at swongnarasuk@asianhope.org.

For any Asian Hope Library related questions please contact Miss Raza at graza@asianhope.org.

Powered by Koha